Uplatnění problémového vyučování při výuce strojírenské technologie na středních průmyslových školách strojnických : Kandidátska dizertační práce /

Salvato in:
Dettagli Bibliografici
Autore principale: Kratochvíl, Vladimír (Autore)
Natura: Manoscritto Libro
Lingua:ceco
Pubblicazione: Bratislava : SVŠT v Bratislave MtF, 1990
Soggetti:
Tags: Aggiungi Tag
Nessun Tag, puoi essere il primo ad aggiungerne!!

MARC

LEADER 00000ntm a22000003a 4500
001 stu45750
005 20160719155245.8
008 970307s1990----cs------------------cze-d
040 |a STU  |b slo 
041 0 |a cze 
044 |a cs 
080 |a 371.314.6 
080 |a 373.8(043.3)  |7 stu_us_auth*stu1688 
100 1 |a Kratochvíl, Vladimír  |4 aut 
245 1 |a Uplatnění problémového vyučování při výuce strojírenské technologie na středních průmyslových školách strojnických :  |b Kandidátska dizertační práce /  |c [aut.]Ing.Vladimír Kratochvíl 
260 |a Bratislava :  |b SVŠT v Bratislave MtF,  |c 1990 
300 |a 175 s 
650 7 |a Vyučovanie problémové  |2 stusub 
650 7 |a školy stredné  |2 stusub 
650 7 |a práce kandidátske dizertačné  |2 stusub 
996 |b .  |c M* DzP-529  |l MMSKP  |s P  |a 0  |w stu45750_0002